|
|
|
|
| LEADER |
00957cam a2200241 7i4500 |
| 001 |
0000032786 |
| 005 |
20170306090000.0 |
| 008 |
100701 eng |
| 020 |
|
|
|a 9788190732536 (hbk.)
|
| 090 |
0 |
0 |
|b Z678.9
|b .V45 2008
|
| 100 |
1 |
|
|a Verma, Kusum
|
| 245 |
1 |
0 |
|a Library information services and systems
|c Kusum Verma.
|
| 260 |
|
|
|a New Delhi:
|b Vista Pub. House,
|c 2008.
|
| 300 |
|
|
|a 272 p.;
|c 21 cm.
|
| 504 |
|
|
|a Includes bibliographical references and index
|
| 650 |
0 |
0 |
|a Libraries --
|x Information technology
|
| 650 |
0 |
0 |
|a Library science --
|x Technological innovations
|
| 650 |
0 |
0 |
|a Libraries and the Internet
|
| 997 |
|
|
|a Communication, Visual Art & Computing, Faculty
|b Communication, Department
|
| 998 |
|
|
|a Library Science, Diploma
|
| 999 |
|
|
|a 0000040106
|b BOK
|c OPEN SHELF
|e 2nd Floor, Bestari Jaya
|
| 999 |
|
|
|a 0000040154
|b BOK
|c OPEN SHELF
|e 2nd Floor, Bestari Jaya
|
| 999 |
|
|
|a 0000040155
|b BOK
|c OPEN SHELF
|e 2nd Floor, Bestari Jaya
|